000 nam a22 a 4500
999 _c401170
_d401170
003 BLK
005 20221208031038.0
008 210317b bu |||||r|||| 00| | bu d
040 _aBLK
041 _aBUL
_cBUL
080 _aМебелно производство. Тапицерство
_b684
_x(075)
_z684(075)
100 _aИлчев, Христо Стефанов
_9289664
139 _aИлчев, Христо Ст.
245 _aКонструктивно знание по тапицерство
_bЗа VI кл. на нар. техн. гимназии по дървообработване и вътр. архитектура и практ. пром. у-ща
_cХристо Ст. Илчев, Стефан Тодоров
260 _9216179
_aСофия
_bНар. просв.
_c1951
300 _a159 с.
_bс черт.
_c25 см
380 _a62
650 7 _9173191
_aТапицерство
653 7 _9198004
_aтапицерство
653 7 _9199113
_aучебници за техникуми
700 _aТодоров, Стефан
_eсъавт.
_91445
852 _aЦб 689
_bО
942 _cKNG
_n0
_s1
944 _aCR
_c2021-03-17
_kХристина Везирева